000 00610nam a22002052 4500
001 0000011818
005 20151217160125.0
008 090112s xx 000 0 eng d
020 _a0153010584 :
040 _aKABU
_cKABU
245 1 0 _aHBJ language /
_cDorothy S. Strickland ...[et al.],
250 _aMedallian ed.
260 _aOrlando :
_bHBJ,
_c1993.
300 _axv, 506, 71, 88, 14, 17 p.
650 0 _aEnglish language.
_@0000152087
700 1 _aStrickland, Dorothy S.
_@0000017369
852 1 _9p500 KES
908 _a090112
950 _@1
999 _c14622
_d14622